000 01523nam a2200301 a 4500
001 BRL_1889
005 20190320211423.0
008 120815m19541973mx-abo####---#000-0#spa-#
041 _aspa
044 _amx
050 4 _aF1219.1O11
_b.P37 1954
245 1 0 _aPapeles de la chinantla
260 _aMéxico
_bInstituto Nacional de Antropología e Historia
_c1954,1961,1973
300 _av.
_bil., mapas
_c23 cm.
440 0 _aMuseo Nacional de Antropología. Serie Científica
_v3-7-11
_928162
500 _av.1 Au2037, v.3 Au2038, v.7 Au2039
505 0 _aContenido: v.1. Mayultianguis y Tlacoatzintepec / Robert J. Weitlaner y Carlo Antonio Castro G., 1954 - v.3. Apuntes históricos de las tribus Chinantecas, Mazatecas y Popolucas (1910) / Mario Espinosa, Reedición con notas y apéndices preparada por Howard F. Cline, 1961- v.7. Usila: morada de los Colibríes / Robert J. Weitlaner y Carlo Antonio Castro, 1973
650 1 4 _aChinantecos
_xHistoria
_928163
650 1 4 _aChinantecos
_xtextos
_928164
650 1 4 _aIndígenas de México
_zOaxaca (Estado)
_927944
700 1 _aWeitlaner, Roberto J
_tMayultianguis Y Tlacoatzintepec
_928165
700 1 _aCastro, Carlo Antonio
_tMayultianguis Y Tlacoatzintepec
_928166
700 1 _aEspinosa, Mariano
_tApuntes históricos de las tribus chinantecas, matzatecas y popolucas
_928167
700 1 _aWeitlaner, Roberto J.
_tUsila : morada de colibries
_928168
700 1 _aCastro, Carlo Antonio
_tUsila : morada de colibries
_928169
902 _aGRL
942 _2lcc
_cB
999 _c10697
_d10697